| 000 | 00343nam a22001457a 4500 | ||
|---|---|---|---|
| 008 | 221207b ||||| |||| 00| 0 eng d | ||
| 020 | _a9781622022083 | ||
| 041 | _aeng | ||
| 080 |
_2standard edition _a61 |
||
| 082 | _a61AHL | ||
| 100 | _a4 | ||
| 101 | _aMJEK | ||
| 245 |
_aCPT CURRENT PROCEDURAL TERMINOLOGY _cAHLMAN.T.J |
||
| 942 |
_2udc _cBK |
||
| 999 |
_c59124 _d59124 |
||